00705nam a2200193 i 4500001000300000245011300003250002000116260005800136300002100194504001400215650004800229700003700277020001500314040000800329041000800337080002700345008004100372856009800413bg00aSamorząd w Polsce :bistota, formy, zadania : praca zbiorowa /cpod red. nauk. Stanisława Wykrętowicza. aWyd. 3 uaktual. aPoznań :bWydaw. Wyższej Szkoły Bankowej,c2004. a373 s. ;c24 cm. aBibliogr. 9aSamorząd terytorialnyzPolskayod 1989 r.1 aWYKRĘTOWICZ, Stanisław.eRed. a8372053286 cBPK0 apol a352/353(438)"1989/..." s pl f |000 0 pol  uhttp://koha.tu.koszalin.pl/cgi-bin/koha/opac-detail.pl?biblionumber=43823yKatalog online BPK